Statistiques concernant Tous les pilotes de Formule 1 depuis l'ère hybride (2014 - )

Cliquez ici pour prendre le quiz!

Statistiques générales

  • Ce quiz a été pris 10 178 fois
    (4 704 depuis la dernière actualisation)
  • Le résultat moyen est 30 sur 56

Statistiques - réponses

AnnéesNationPilote% Correct
2014 -Royaume-UniLewis Hamilton
99%
2014 -EspagneFernando Alonso
96%
2017 -FrancePierre Gasly
95%
2014 - 2022AllemagneSebastian Vettel
95%
2018 -MonacoCharles Leclerc
94%
2016 -FranceEsteban Ocon
94%
2014 -MexiqueSergio Pérez
94%
2014 -AustralieDaniel Ricciardo
93%
2014 -FinlandeValtteri Bottas
92%
2015 -Pays-BasMax Verstappen
91%
2015 -EspagneCarlos Saínz
90%
2021 -JaponYuki Tsunoda
88%
2023 -AustralieOscar Piastri
85%
2019 -ThailandeAlexander Albon
84%
2017 -CanadaLance Stroll
84%
2014 -Allemagne
Nico Hülkenberg
83%
2022 -ChineGuanyu Zhou
83%
2014 -DanemarkKevin Magnussen
83%
2019 -Royaume-UniLando Norris
83%
2014 - 2016AllemagneNico Rosberg
81%
2019 -Royaume-UniGeorge Russell
79%
2014 - 2020FranceRomain Grosjean
79%
2014 - 2021FinlandeKimi Räikkönen
78%
2023 -Etats-UnisLogan Sargeant
78%
2021 - 2022AllemagneMick Schumacher
77%
2021 - 2021RussieNikita Mazepin
71%
2022 - 2023Pays-BasNyck de Vries
63%
2014 - 2017BrésilFelipe Massa
61%
2020 - 2022CanadaNicholas Latifi
59%
2017 - 2021ItalieAntonio Giovinazzi
50%
2023 - 2023Nouvelle-ZélandeLiam Lawson
50%
2014 - 2014FranceJules Bianchi
49%
2014 - 2016Royaume-UniJenson Button
47%
2014 - 2020Russie
Daniil Kvyat
46%
2014 - 2015VenezuelaPastor Maldonado
39%
2019 - 2021PologneRobert Kubica
39%
2014 - 2014FranceJean-Éric Vergne
33%
2020 - 2020BrésilPietro Fittipaldi
28%
2014 - 2018SuèdeMarcus Ericsson
27%
2016 - 2018BelgiqueStoffel Vandoorne
25%
2014 - 2014JaponKamui Kobayashi
22%
2017 - 2018Nouvelle-ZélandeBrendon Hartley
17%
2014 - 2016MexiqueEsteban Gutiérrez
15%
2018 - 2018RussieSergey Sirotkin
15%
2014 - 2014AllemagneAdrian Sutil
11%
2015 - 2016BrésilFelipe Nasr
11%
2020 - 2020Royaume-UniJack Aitken
11%
2016 - 2017Royaume-UniJolyon Palmer
11%
2016 - 2017AllemagnePascal Wehrlein
8%
2016 - 2016IndonésieRio Haryanto
7%
2015 - 2015Etats-UnisAlexander Rossi
6%
2014 - 2014Royaume-UniMax Chilton
6%
2017 - 2017Royaume-UniPaul di Resta
5%
2015 - 2015EspagneRoberto Merhi
5%
2014 - 2014AllemagneAndré Lotterer
4%
2014 - 2015Royaume-UniWill Stevens
4%

Distribution des résultats

Percentile par nombre de réponses

% des personnes avec chaque résultat

Votre développement - résultats

Vous n’avez pas pris ce quiz depuis la dernière actualisation